000 00547nam a2200229Ia 4500
003 OSt
005 20221005121758.0
006 a|||||r|||| 00| 0
007 ta
008 221004b |||||||| |||| 00| 0 tam d
024 _a46294
037 _cTextual
040 _aCRL
_cCRL
_btam
041 _2tam
_atam
082 _aO31v4498:N5, J6
100 _aRatnam
245 0 _aIlangaiyil inbathamigh
260 _c1956
300 _a96
_ccm.
942 _hO31v4498:N5, J6
_cTEXL
_2cc
999 _c1042239
_d1042239